Kde nájsť peniaze na školy

Žiakov ubúda, učitelia ostávajú, prevádzka malých tried je drahá, zmena v myslení neprichádza.

Saved in:
Bibliographic Details
Main Author: Sibyla, Pavel
Format: Book Chapter
Language:Slovak
Subjects:
Tags: Add Tag
No Tags, Be the first to tag this record!

MARC

LEADER 00000naa a2200000 4500
001 0160470
005 20231113080221.3
041 0 |a slo 
044 |a SK 
245 1 0 |a Kde nájsť peniaze na školy  |c Pavel Sibyla 
520 |a Žiakov ubúda, učitelia ostávajú, prevádzka malých tried je drahá, zmena v myslení neprichádza. 
610 2 0 |a vzdelávanie 
610 2 0 |a školstvo 
610 2 0 |a financovanie školstva 
100 1 |a Sibyla, Pavel